000 00803nam a2200265Ia 4500
003 OSt
005 20221005082732.0
006 a|||||r|||| 00| 0
007 ta
008 221004b |||||||| |||| 00| 0 eng d
020 _a9788184201970 (hbk)
_c850
024 _a97803
037 _b116, 14/09/2009, Pioneer Books Distributors
_cTextual
040 _aCRL
_cCRL
_beng
041 _2eng
_aeng
082 _aV41:19498.P0, P9
100 _aB.K.P. Singh
_9612080
245 0 _aChian's Tibet policy
260 _aNew Delhi
_bSumit Enterprises India
_c2009
300 _a278p.
_ccm.
650 _a CHINA - FOREIGN RELATIONS
650 _aHISTORY
942 _hV41:19498.P0, P9
_cTEXL
_2cc
999 _c989795
_d989795